000 00649nam a2200205 i 4500
001 7173
003 ES-MaACL
005 20250831072553.0
007 t|
008 901004s1990 sp ||||1| spa d
020 _a84-404-6107-0
080 _a27(09)
100 1 _aDeschner, Karlheinz.
_943854
245 1 0 _aOpus Diaboli
_b: catorce ensayos irreconciliables sobre el trabajo en la viña del Señor /
_cKarlheinz Deschner.
260 _aZaragoza :
_bYalde,
_cD.L. 1990.
300 _a312 p. ;
_c20 cm.
650 0 7 _aHistoria eclesiástica
_2embne
_913400
852 _aES-MaACL
_jL-14374
_bR.118349
_z. - rust.
999 _c7173
_d7173